(KHMER) Goats and monkeys / (Record no. 49963)
| 000 -LEADER | |
|---|---|
| fixed length control field | 00280nam a2200109 4500 |
| 020 ## - INTERNATIONAL STANDARD BOOK NUMBER | |
| International Standard Book Number | 9789924954248 |
| 100 ## - MAIN ENTRY--PERSONAL NAME | |
| Personal name | Kol, Seap |
| 9 (RLIN) | 86234 |
| 245 ## - TITLE STATEMENT | |
| Title | (KHMER) Goats and monkeys / |
| Statement of responsibility, etc | Seap Kol |
| 260 ## - PUBLICATION, DISTRIBUTION, ETC. (IMPRINT) | |
| Place of publication, distribution, etc | Cambodia |
| Name of publisher, distributor, etc | KS Books |
| Date of publication, distribution, etc | 2021 |
| 300 ## - PHYSICAL DESCRIPTION | |
| Extent | 22 p. |
| Other physical details | col. ill. |
| Dimensions | 21 cm. |
| 942 ## - ADDED ENTRY ELEMENTS (KOHA) | |
| Source of classification or shelving scheme | |
| Koha item type | Book |
| Withdrawn status | Lost status | Source of classification or shelving scheme | Damaged status | Not for loan | Collection code | Home library | Current library | Shelving location | Date acquired | Total Checkouts | Full call number | Barcode | Checked out | Date last seen | Date checked out | Price effective from | Koha item type |
|---|---|---|---|---|---|---|---|---|---|---|---|---|---|---|---|---|---|
| Siem Riep | Asian Hope Siem Reap | Asian Hope Siem Reap | SECONDARY | 12/11/2025 | 1 | KHMER E KOL | 209573 | 05/07/2026 | 04/30/2026 | 04/30/2026 | 12/11/2025 | Book |